Lista de trabajos finales de graduación de la Universidad de Costa Rica 1980

Guardado en:
書目詳細資料
企業作者: Universidad de Costa Rica. Biblioteca
格式: Texto
出版: San José: Universidad de Costa Rica
標簽: 添加標簽
沒有標簽, 成為第一個標記此記錄!

MARC

LEADER 00000 a a2200000 04500
001 23449
003
040
090 |a 163500  
110 |a Universidad de Costa Rica. Biblioteca  
245 |a Lista de trabajos finales de graduación de la Universidad de Costa Rica 1980  
260 |a San José:   |b Universidad de Costa Rica  
300 |a 207 p.  
999 |c 12264  |d 12264